| 000 -LEADER |
| fixed length control field |
00608cam a22001577a 4500 |
| 008 - FIXED-LENGTH DATA ELEMENTS--GENERAL INFORMATION |
| fixed length control field |
180718b1972 xxu||||| |||| 00| 0 eng d |
| 082 ## - DEWEY DECIMAL CLASSIFICATION NUMBER |
| Classification number |
Zx54 Su16 |
| 245 ## - TITLE STATEMENT |
| Title |
New strategy in agriculture: a collection of the speeches by C. Subramaniam |
| 260 ## - PUBLICATION, DISTRIBUTION, ETC. |
| Place of publication, distribution, etc. |
New Delhi |
| Name of publisher, distributor, etc. |
Indian Council of Agricultural Research |
| Date of publication, distribution, etc. |
1972 |
| 300 ## - PHYSICAL DESCRIPTION |
| Extent |
301p. |
| 650 ## - SUBJECT ADDED ENTRY--TOPICAL TERM |
| Topical term or geographic name entry element |
Subramaniam, C. - Address, speeches, etc. |
| 650 ## - SUBJECT ADDED ENTRY--TOPICAL TERM |
| Topical term or geographic name entry element |
Agricultural administration - India |
| 650 ## - SUBJECT ADDED ENTRY--TOPICAL TERM |
| Topical term or geographic name entry element |
Agriculture - India - Statistics |
| 650 ## - SUBJECT ADDED ENTRY--TOPICAL TERM |
| Topical term or geographic name entry element |
Agricultural extension work - Government policy - India |
| 650 ## - SUBJECT ADDED ENTRY--TOPICAL TERM |
| Topical term or geographic name entry element |
Agriculture - Economic aspects - India |